000 00338nam a2200145Ia 4500
005 20251222151318.0
008 251222s9999||||xx |||||||||||||| ||spa||
020 _a8427010419
082 _a615.321/E23
100 _aEdde, Gérard
245 0 _aGinseng y Plantas Tonicas
250 _a1ra.ed.
264 _bMartinaz Roca
942 _cLIB
999 _c23623
_d23623